Normal view
MARC view
Entry Término temático
001 - NÚMERO DE CONTROL
- campo de control: 88089
003 - IDENTIFICADOR DEL NÚMERO DE CONTROL
- campo de control: DO-SdBNP
005 - FECHA Y HORA DE LA ÚLTIMA TRANSACCIÓN
- campo de control: 20250612131847.0
008 - DATOS DE LONGITUD FIJA
- campo de control de longitud fija: 250612|| aca||aabn | a|a d
040 ## - FUENTE DE LA CATALOGACIÓN
- Centro catalogador/agencia de origen: DO-SdBNP
- Centro/agencia transcriptor: DO-SdBNP
150 ## - ENCABEZAMIENTO--TÉRMINO DE MATERIA
- Término de materia o nombre geográfico como elemento de entrada: Salud pública
- Subdivisión geográfica: República Dominicana
- Subdivisión cronológica: 2007-2011
670 ## - FUENTE DE DATOS ENCONTRADOS
- Cita de la fuente: Work cat.: (DO-SdBNP)367: Programa de las Naciones Unidas para el Desarrollo 187, Marco de asistencia de las Naciones Unidas para el Desarrollo :, 2006.
